| 000 | 01003cam a2200253Ma 4500 | ||
|---|---|---|---|
| 999 |
_c3713 _d3713 |
||
| 001 | 19574452 | ||
| 003 | OCoLC | ||
| 005 | 20190325152244.0 | ||
| 008 | 871013c19861981utuac 001 0 eng d | ||
| 040 |
_aTEU _cTEU _dJRD _dCIN |
||
| 082 |
_a289.32 _bS642B |
||
| 130 | 0 | _aBook of Mormon | |
| 245 | 1 | 4 |
_aThe Book of Mormon : _ban account / _cwritten by the hand of Mormon upon plates taken from the plates of Nephi ; translated by Joseph Smith |
| 260 |
_aSalt Lake City, Utah : _bThe Church of Jesus Christ of Latter-Day Saints, _c1986, c1981 |
||
| 300 |
_a779 p. : _bcol. ill., port. ; _c19 cm |
||
| 500 | _aCover title: The book of Mormon : another testament of Jesus Christ | ||
| 500 | _aIncludes index | ||
| 650 | 0 |
_aMormon Church _xControversial literature |
|
| 700 | 1 | 0 |
_aSmith, Joseph, _cJr., _d1805-1844 |
| 710 | 2 | 0 | _aChurch of Jesus Christ of Latter-Day Saints |
| 740 | 4 | 1 |
_aThe book of Mormon : _panother testament of Jesus Christ |
| 740 | 0 | 1 | _aAnother testament of Jesus Christ |
| 942 |
_2ddc _cBK |
||